00380nam a2200133Ia 4500008004100000041000800041082002000049100003800069245006900107260003200176300000800208502001300216999001700229230128s9999 xx 000 0 und d aeng aCHA PR0209bCHA aChattopadhyay A (2K41007)9118937 aCompetitive Analysis & Customer Satisfaction on Network Services c2006bPune UniversityaPune a90p cDhotre M c97235d97235